Sometimes there is no blood : (Record no. 208)
[ view plain ]
| 000 -LEADER | |
|---|---|
| fixed length control field | 005640000a22001690004500 |
| 008 - FIXED-LENGTH DATA ELEMENTS--GENERAL INFORMATION | |
| fixed length control field | 230817t ||||| |||| 00| 0 eng d |
| 020 ## - ISBN | |
| ISBN | 9555800529 |
| 082 ## - DEWEY DECIMAL CLASSIFICATION NUMBER | |
| Classification number | 362.829 |
| Item number | HUS |
| 942 ## - ADDED ENTRY ELEMENTS (KOHA) | |
| Item Type | Reports |
| 100 ## - MAIN ENTRY--PERSONAL NAME | |
| Personal Name | Hussein, Ameena |
| 245 ## - TITLE STATEMENT | |
| Title | Sometimes there is no blood : |
| Sub Title | domestic violence and rape in rural Sri Lanka |
| 260 ## - PUBLICATION, DISTRIBUTION, ETC. (IMPRINT) | |
| Place of Publication | Colombo: |
| Name of Publisher | International Centre for Ethnic Studies, |
| Date of Copyright | 2000 |
| 300 ## - PHYSICAL DESCRIPTION | |
| Extent | 100 p. : color ill., map ; 30 cm. |
| 856 ## - ELECTRONIC LOCATION AND ACCESS | |
| Uniform Resource Identifier | <a href="https://noolaham.net/project/61/6054/6054.pdf">https://noolaham.net/project/61/6054/6054.pdf</a> |
| 650 ## - SUBJECT ADDED ENTRY--TOPICAL TERM | |
| Topical Term | FAMILY VIOLENCE-Sri Lanka |
| 650 ## - SUBJECT ADDED ENTRY--TOPICAL TERM | |
| Topical Term | Rape-Sri Lanka |
| Withdrawn status | Lost status | Source of classification or shelving scheme | Damaged status | Not for loan | Permanent location | Current location | Date acquired | Total Checkouts | Full call number | Barcode | Date last seen | Price effective from | Koha item type |
|---|---|---|---|---|---|---|---|---|---|---|---|---|---|
| Dewey Decimal Classification | Resource center, Muslim Women's Research And Action Forum | Resource center, Muslim Women's Research And Action Forum | 2023-08-17 | 362.829 HUS | RAF4005 | 2023-08-17 | 2023-08-17 | Reports |

